000 00345nam a2200145Ia 4500
008 090124s9999 xx 000 0 und d
082 _b9176
_a2164
245 _a रुप कथ्यक
250 _a1
260 _c1956
300 _a50
630 _a रुप कथ्यक
730 _a रुप कथ्यक
942 _cBOOK
999 _c123223
_d123223